[Event "45th Olympiad 2024"]
[Site "Budapest HUN"]
[Date "2024.09.22"]
[Round "11.12"]
[Board "1"]
[White "Henriquez Villagra, Cristobal"]
[Black "Theodorou, Nikolas"]
[Result "1/2-1/2"]
[WhiteElo "2604"]
[BlackElo "2619"]
[PlyCount "91"]
[EventDate "2024.09.11"]
[WhiteTeam "Chile"]
[BlackTeam "Greece"]
[WhiteTeamCountry "CHI"]
[BlackTeamCountry "GRE"]

1. d4 Nf6 2. Nf3 b6 3. Bf4 Bb7 4. e3 Nh5 5. Bg5 h6 6. Bh4 g5 7. Bg3 Nxg3 8. hxg3 Bg7 9. c3 ({RR} 9. Bd3 e6 10. Nbd2 d6 11. Qe2 Nd7 12. c3 a6 13. a4 Qe7 14. Be4 c6 15. b4 f5 16. Bd3 d5 17. O-O O-O 18. Nb3 Rfc8 19. Rab1 h5 20. c4 Bf6 21. Rfc1 g4 22. Nfd2 Kg7 23. cxd5 cxd5 {0-1 Caruana,F (2811)-Nakamura,H (2781) PRO League Stage rapid 2018 (4)}) ({RR} 9. c4 d6 10. Nc3 Nd7 11. d5 e6 12. dxe6 fxe6 13. Nd4 Qf6 14. Qh5+ Ke7 15. Qe2 Rhf8 16. f3 a5 17. O-O-O a4 18. a3 Qg6 19. Ndb5 Nc5 20. Qc2 Qxc2+ 21. Kxc2 Kd7 22. Bd3 g4 23. f4 Nxd3 {0-1 Cavdarli,M (1712)-Ilgaz,Y (1966) Turkish Cup 2024 (2.25)}) 9... c5 10. Nbd2 Qc7 $146 ({RR} 10... d6 11. Bd3 e6 12. g4 Nd7 13. Be4 d5 14. Bd3 a6 15. Nf1 e5 16. Bf5 e4 17. N3d2 Nf6 18. Ng3 Qd6 19. dxc5 Qxc5 20. Nb3 Qc7 21. Nd4 O-O 22. O-O Ne8 23. Nh5 Bh8 24. f3 Nd6 25. fxe4 {1-0 Lombaers,P (2383)-Hapala,E (2170) Gibraltar Masters 18th 2020 (5)}) 11. Rc1 Nc6 12. b4 Rc8 13. a3 Kf8 14. Nb3 d6 15. Be2 Nb8 16. c4 Nd7 17. O-O Nf6 18. Nbd2 Kg8 19. Bd3 e6 20. Qc2 Qe7 21. Rfe1 h5 22. bxc5 bxc5 23. Nxg5 h4 24. gxh4 Rxh4 25. Ndf3 Rg4 26. d5 Bh6 27. Ne4 exd5 28. Nxf6+ Qxf6 29. Nh2 Rh4 30. Rb1 Bc6 31. cxd5 Bxd5 32. e4 Be6 33. g3 Rh5 34. Qe2 Rh3 35. Kg2 c4 36. Bc2 Rc5 37. Ng4 Qg5 38. f3 Rh5 39. Bd1 Bf8 40. f4 Qxg4 41. Qxg4+ Bxg4 42. Bxg4 Rh6 43. Rec1 d5 44. exd5 Rxd5 45. Be2 Rd2 46. Kf3 1/2-1/2

[Event "45th Olympiad 2024"]
[Site "Budapest HUN"]
[Date "2024.09.22"]
[Round "11.12"]
[Board "2"]
[White "Papaioannou, Ioannis"]
[Black "Salinas Herrera, Pablo"]
[Result "1/2-1/2"]
[WhiteElo "2615"]
[BlackElo "2479"]
[PlyCount "66"]
[EventDate "2024.09.11"]
[WhiteTeam "Greece"]
[BlackTeam "Chile"]
[WhiteTeamCountry "GRE"]
[BlackTeamCountry "CHI"]

1. d4 d5 2. c4 e6 3. Nf3 Nf6 4. g3 Bb4+ 5. Bd2 Be7 6. Bg2 O-O 7. O-O c6 8. b3 Nbd7 9. Bc3 ({RR} 9. Nc3 b6 10. Bf4 Ba6 11. Qd3 Rc8 12. Rac1 c5 13. Nb5 Bxb5 14. cxb5 h6 15. Rc2 Nh5 16. Bd2 Nhf6 17. Bf4 Nh5 18. Be3 Nhf6 19. Rfc1 Bd6 20. a4 Rc7 21. dxc5 bxc5 22. Qd1 Qb8 23. b4 c4 {1-0 Dubov,D (2714)-Ding,L (2799) Online Olym KO Stage rapid 2021 (2.2)}) 9... Ne4 10. Bb2 f5 11. Qc2 $146 ({RR} 11. Nbd2 b6 12. Qc2 Bb7 13. Rad1 Qe8 14. Nxe4 fxe4 15. Ne5 Nxe5 16. dxe5 c5 17. cxd5 exd5 18. f4 d4 19. f5 Qc6 20. b4 Rad8 21. Qc4+ {0-1 Insara,S (1874)-Pozzari,S (2276) 61st World Juniors 2024 (7.49)}) ({RR} 11. Nfd2 Bd6 12. Ba3 Bxa3 13. Nxa3 a5 14. Nab1 a4 15. Nxe4 fxe4 16. Nc3 axb3 17. axb3 Rxa1 18. Qxa1 Qb6 19. Qd1 Qb4 20. Qc2 Nf6 21. Na4 Bd7 22. Nc5 Bc8 23. Bh3 Re8 24. Rc1 Kf7 25. e3 h5 {½-½ Bernasek,J (2498)-Pechac,J (2544) CZE-chT 2122 2021 (8.2)}) ({RR} 11. Nfd2 Nd6 12. Nc3 Rb8 13. a4 b6 14. e3 Ba6 15. Re1 Nf6 16. Bf1 Nf7 17. cxd5 Bxf1 18. dxe6 Bh3 19. exf7+ Rxf7 20. Nc4 Bb4 21. Ne5 Rc7 22. Qf3 Bxc3 23. Bxc3 Ne4 24. Rec1 Qd5 25. Be1 g5 {1-0 Franco Alonso,A (2475)-Argandona Riveiro,I (2397) Elgoibar 20th 2010 (4)}) 11... h5 12. Nbd2 Bd6 13. e3 Qf6 14. h4 Qh6 15. Qc1 Re8 16. Ne5 Ndf6 17. Nxe4 dxe4 18. f3 exf3 19. Bxf3 Ng4 20. Bxg4 hxg4 21. e4 Qxc1 22. Raxc1 c5 23. dxc5 Bxc5+ 24. Kh2 b6 25. Rcd1 Bb7 26. Rd7 Re7 27. exf5 exf5 28. Rxf5 Rxd7 29. Nxd7 Rd8 30. Nxc5 bxc5 31. Kg1 Rd1+ 32. Rf1 Rd2 33. Rf2 Rd1+ 1/2-1/2

[Event "45th Olympiad 2024"]
[Site "Budapest HUN"]
[Date "2024.09.22"]
[Round "11.12"]
[Board "3"]
[White "Vasquez Schroeder, Rodrigo"]
[Black "Mastrovasilis, Dimitrios"]
[Result "1/2-1/2"]
[WhiteElo "2457"]
[BlackElo "2550"]
[PlyCount "86"]
[EventDate "2024.09.11"]
[WhiteTeam "Chile"]
[BlackTeam "Greece"]
[WhiteTeamCountry "CHI"]
[BlackTeamCountry "GRE"]

1. e4 e5 2. Nf3 Nc6 3. Bb5 a6 4. Ba4 Nf6 5. O-O Nxe4 6. d4 b5 7. Bb3 d5 8. dxe5 Be6 9. c3 Bc5 10. Qd3 O-O 11. Be3 f6 12. Nbd2 Nxd2 13. Qxd2 Bxe3 14. Qxe3 Nxe5 15. Nxe5 fxe5 16. Qxe5 Qd7 17. Rae1 ({RR} 17. a4 Bf7 18. axb5 axb5 19. Rad1 c6 20. Bc2 Rfe8 21. Qd4 Ra2 22. Rd2 Qd6 23. b4 Ra3 24. Rc1 Bg6 {½-½ Shirov,A (2726)-Anand,V (2781) Olympiad-36 Mallorca 2004 (8)}) 17... Rae8 18. Qd4 Bf7 $146 ({RR} 18... c6 19. Bc2 Bf5 20. Bxf5 Qxf5 21. Qb6 Rxe1 22. Rxe1 Qc2 23. f3 Qxb2 24. Qxc6 Qxa2 25. Qe6+ Kh8 26. Qf7 Rg8 27. Re8 Qb1+ 28. Kf2 Qc2+ 29. Kf1 Qd1+ 30. Kf2 Qc2+ 31. Kf1 {½-½ Medina Garcia,A-Corden,M Christmas Congress 1969/70-45 Premier (2)}) 19. Qc5 c6 20. Bc2 Rd8 21. Qd4 Qd6 22. Qh4 Bg6 23. Bxg6 Qxg6 24. Qd4 Qd6 25. b4 Rf4 26. Qa7 Qf6 27. Re3 Rf8 28. Rd3 d4 29. cxd4 Rxf2 30. Rf3 Rxf1+ 31. Kxf1 Qd6 32. Rxf8+ Qxf8+ 33. Ke2 Qxb4 34. Qa8+ Kf7 35. Qxc6 Qxd4 36. Qb7+ Kf8 37. Qxa6 Qe4+ 38. Kf2 Qf4+ 39. Kg1 Qd4+ 40. Kf1 Qf4+ 41. Kg1 Qd4+ 42. Kf1 Qc4+ 43. Kf2 Qf4+ 1/2-1/2

[Event "45th Olympiad 2024"]
[Site "Budapest HUN"]
[Date "2024.09.22"]
[Round "11.12"]
[Board "4"]
[White "Kelires, Andreas"]
[Black "Lopez Silva, Hugo"]
[Result "1-0"]
[WhiteElo "2536"]
[BlackElo "2379"]
[PlyCount "111"]
[EventDate "2024.09.11"]
[WhiteTeam "Greece"]
[BlackTeam "Chile"]
[WhiteTeamCountry "GRE"]
[BlackTeamCountry "CHI"]

1. e4 {Marin,Mihail} e5 2. Nf3 Nc6 3. Bb5 g6 4. c3 a6 5. Bxc6 ({RR} 5. Ba4 d6) 5... dxc6 6. d4 ({RR} 6. Nxe5 Qg5 7. d4 ({RR} 7. Nf3 Qxg2 8. Rg1 Qh3 9. d4 Nf6) 7... Qxg2 8. Qf3 Qxf3 9. Nxf3 Bg4 ({RR} 9... f5) ({RR} 9... Nf6 10. Nbd2 c5) 10. Ne5 Be6 11. Be3 Bg7 12. Nd3 O-O-O 13. Nd2 Nf6 14. f3 Rhe8 15. h4 Nh5 16. Kf2 f5) ({RR} 6. O-O Bg7 7. d4 exd4 8. cxd4 ({RR} 8. Nxd4 c5 9. Nb3 b6 10. Qxd8+ Kxd8 11. Bg5+ f6 12. Rd1+ Bd7 13. Bf4 Kc8 14. Na3 Be6 15. Nc2 Ne7 16. Rd2 Nc6) 8... Ne7 9. Nc3 Bg4 10. Be3 ({RR} 10. Bf4 O-O 11. h3 Bxf3 12. Qxf3 Bxd4 13. Rad1 c5 14. b4 b6 15. bxc5 bxc5 16. Na4 Qe8 17. Qa3 Qc6 18. Rxd4 cxd4 19. Qxe7 Rfe8 20. Qa3 Rxe4 21. Rc1 Qe8 22. Bxc7 d3) 10... O-O 11. h3 Bxf3 12. Qxf3 f5 13. Bg5 fxe4 14. Qxe4 Rf7 15. Rfe1 Qd7 16. Bxe7 Re8) 6... exd4 7. cxd4 ({RR} 7. Qxd4 Qxd4 8. Nxd4 Bd7 9. Be3 O-O-O 10. Nd2 c5 11. N4b3 b6 12. O-O-O Re8 13. f3 h5 14. h4 a5 15. Nf1 Bg7 16. Nbd2 Ne7 17. Bf4 Be6 18. a3 Nc6 19. Ne3 Ne5 20. Kc2 a4) 7... Bg7 ({RR} 7... Bg4 8. Qb3 Bxf3 9. gxf3 Bg7 10. Be3 ({RR} 10. Qxb7 Ne7) 10... Ne7 11. Nc3 Bxd4 ({RR} 11... O-O 12. O-O-O) 12. Bxd4 ({RR} 12. O-O-O c5 ({RR} 12... Bxe3+ 13. fxe3 Qc8 14. h4 h5 15. Ne2 O-O 16. Nf4) 13. Ne2 Nc6 14. Qxb7 Na5 15. Qd5 Qxd5 16. exd5 Bxe3+ 17. fxe3 Nc4 18. Nc3) ({RR} 12. Rd1 c5 13. Qxb7 ({RR} 13. Ne2 Nc6 14. Qxb7 Na5 15. Qd5 Qxd5 16. exd5 Bxb2) 13... O-O 14. Ne2 ({RR} 14. Na4 Qd6 15. Nxc5 Nc6) 14... Qd6 15. Nxd4 cxd4 16. Rxd4 Qf6 17. Qxc7 Nc6 18. Rd1 Qxf3 19. O-O Rfe8 ({RR} 19... Qxe4 20. Qf4 Qxf4 21. Bxf4) 20. Qxc6 Qg4+) 12... Qxd4 13. Qxb7 O-O 14. Qxc7 Rab8 ({RR} 14... Nd5 15. Nxd5 ({RR} 15. exd5 Qd3 16. Nd1 Rab8 17. b3 Rfe8+ 18. Ne3 Rb4 19. Qxc6 Rxe3+ 20. fxe3 Qxe3+ 21. Kd1 Rd4+ 22. Kc2 Rd2+ 23. Kb1 Qd4 24. Qc2 Rxc2 25. Kxc2 Qxd5) 15... cxd5 16. Qc3) 15. O-O Rxb2 16. Qxe7 ({RR} 16. Nd1 Rd2 17. Ne3) 16... Qxc3 17. Kg2 Rc2 18. Rad1 ({RR} 18. h4 h5 19. Rad1 Rxa2 20. Rc1 Rc2 21. Rxc2 Qxc2 22. Ra1 Qc4 23. Qb7 Qb5 24. Qxa6) 18... Rxa2 19. Rc1 Rc2 20. Rxc2 Qxc2 21. Ra1 Qc4 22. Qb7 {0-1 Karjakin,S (2763)-Mamedyarov,S (2809) Candidates Tournament 2018 (1)} ({RR} 22. Ra5)) 8. Nc3 ({RR} 8. h3 Ne7 9. Nc3 O-O 10. O-O h6 11. Bf4 g5 12. Be5 Ng6 13. Bxg7 Kxg7 14. d5) 8... Bg4 9. Be3 Ne7 10. Qd2 $146 ({RR} 10. Qb3 O-O 11. Rd1 Qc8 12. h3 Be6 13. Qa3 Re8 14. Bg5 f6 15. Bh4 Nf5 16. O-O Nxh4 17. Nxh4 Bf8 18. Qa4 g5 19. Nf5 Bxf5 20. exf5 Kg7 21. Qb3 Bd6 22. Qc2 Qd7 23. Rfe1 Bb4 24. Qb3 a5 {½-½ Safarli,E (2601)-Akshat,K (2399) BAN-chT Dhaka 2019 (1.5)}) ({RR} 10. h3 Bxf3 11. gxf3 Qd7 12. Qd2 O-O-O 13. O-O-O f5 14. Qc2 Qe6 15. Rhe1 f4 16. d5 Qf7 17. Bc5 Bxc3 18. Qxc3 cxd5 19. Bxe7 Qxe7 20. exd5 Qd7 21. Re4 Kb8 22. Rxf4 Qxh3 23. Rb4 h5 24. Qc6 Qc8 {½-½ Kairbekova,A (2204)-Lohia,S (2316) Sardinia World Open A 2024 (9.40)}) ({RR} 10. h3 Bxf3 11. Qxf3 O-O 12. Rd1 f5 13. e5 f4 14. Bc1 Nf5 15. Qxf4 Bh6 16. Qe4 Bxc1 17. Rxc1 Qxd4 18. Qxd4 Nxd4 19. O-O Rf5 20. Rcd1 Ne6 21. Rfe1 Re8 22. Ne4 Re7 23. Nd6 cxd6 24. exd6 Rd7 {½-½ Prithu,G (2462)-Basso,P (2522) Villorba Vergani Cup 3rd 2019 (5)}) 10... Bxf3 11. gxf3 Qd7 12. h4 f5 13. O-O-O O-O-O 14. h5 Qe6 15. Qc2 f4 16. Bxf4 Bxd4 17. Be3 Bf6 18. Qb3 Rxd1+ 19. Rxd1 Qxb3 20. axb3 Rf8 21. f4 b6 22. b4 Bg7 23. Rh1 Ng8 24. Rg1 Ne7 25. Ne2 Rf7 26. Kc2 Kd7 27. Ra1 Ng8 28. Rxa6 Nf6 29. hxg6 hxg6 30. f3 Nh5 31. Ra7 Ke8 32. Ra8+ Kd7 33. Ra7 Ke8 34. e5 Bh6 35. Nd4 Bxf4 36. Ra8+ Ke7 37. Nxc6+ Kd7 38. e6+ Kxe6 39. Nd8+ Ke7 40. Nxf7 Bxe3 41. Ne5 g5 42. Kd3 Bc1 43. Rh8 Nf6 44. Kc2 Be3 45. Ng4 Bd4 46. Nxf6 Kxf6 47. Rc8 Be5 48. Kd3 Kf5 49. b5 Kf4 50. Rf8+ Kg3 51. b3 Bd6 52. Rf5 Kh4 53. Ke4 Be7 54. Rd5 Kg3 55. Re5 Bf6 56. Re8 1-0

[Event "45th Olympiad 2024"]
[Site "Budapest HUN"]
[Date "2024.09.22"]
[Round "11.13"]
[Board "1"]
[White "Giri, Anish"]
[Black "Stremavicius, Titas"]
[Result "1-0"]
[WhiteElo "2724"]
[BlackElo "2527"]
[PlyCount "75"]
[EventDate "2024.09.11"]
[WhiteTeam "Netherlands"]
[BlackTeam "Lithuania"]
[WhiteTeamCountry "NED"]
[BlackTeamCountry "LTU"]

1. d4 d5 2. c4 e6 3. Nc3 Be7 4. cxd5 exd5 5. Bf4 c6 6. e3 Bf5 7. g4 Be6 8. h3 Nd7 9. Nf3 g5 10. Bh2 h5 11. gxh5 Rxh5 12. Rg1 Qb6 $146 ({RR} 12... Rh8 13. Qb3 Nb6 14. a4 a5 15. O-O-O Bxh3 16. Be5 Rh5 17. Bd3 Bb4 18. Bf4 g4 19. Ne5 Nf6 20. Ne2 Nbd7 21. Ng3 Rh8 22. Nf5 Qb6 23. Kb1 c5 24. Nxd7 Kxd7 25. Bb5+ Ke6 26. dxc5 Bxc5 27. Nd4+ {1-0 Grigore,G (2485)-Kayumov,S (2434) Paks Cup GM 7th 2003 (6)}) ({RR} 12... Rh8 13. Qb3 Nb6 14. Qc2 Nc4 15. Bxc4 dxc4 16. e4 Rxh3 17. Bg3 g4 18. d5 gxf3 19. dxe6 Nh6 20. Rd1 Qc8 21. exf7+ Kxf7 22. Qd2 Qe6 23. Qe3 Rg8 24. Qxf3+ Ke8 25. Kd2 Bb4 26. Kc1 Nf7 27. Rge1 {1-0 Dabic,S (2153)-Petricevic,M (1740) CRO-ch U17 Split 2021 (8)}) ({RR} 12... Rh8 13. Qb3 b5 14. O-O-O a5 15. Qc2 a4 16. Kb1 Kf8 17. Be5 Rh6 18. h4 g4 19. Bd3 Rh5 20. Ng5 Bxg5 21. hxg5 Nxe5 22. dxe5 Rxg5 23. Ne2 Rc8 24. Nd4 Qe7 25. f4 gxf3 26. Nxf3 Rg4 27. Nd4 {1-0 Zhao,J (2625)-Xiang,Z (2432) CHN-chT Daqing 2019 (2.1)}) 13. a3 a5 14. Na4 Qd8 15. Ne5 Rh6 16. Qc2 Nxe5 17. Bxe5 f6 18. Bg3 Bd6 19. f4 Qc7 20. Nc5 Bd7 21. O-O-O g4 22. Nxd7 Qxd7 23. Bf2 g3 24. Rxg3 Ne7 25. Bd3 O-O-O 26. Rg7 Kb8 27. h4 Qc7 28. Kb1 Qb6 29. Ka1 Rc8 30. Qa4 c5 31. dxc5 Bxc5 32. Be1 Nc6 33. Bf5 Rd8 34. Rd3 Qa7 35. Rb3 Ne7 36. Bxa5 Ka8 37. Qb5 Rb8 38. Bc7 1-0

[Event "45th Olympiad 2024"]
[Site "Budapest HUN"]
[Date "2024.09.22"]
[Round "11.13"]
[Board "2"]
[White "Kazakouski, Valery"]
[Black "Van Foreest, Jorden"]
[Result "1/2-1/2"]
[WhiteElo "2577"]
[BlackElo "2696"]
[PlyCount "115"]
[EventDate "2024.09.11"]
[WhiteTeam "Lithuania"]
[BlackTeam "Netherlands"]
[WhiteTeamCountry "LTU"]
[BlackTeamCountry "NED"]

1. d4 Nf6 2. c4 e6 3. Nc3 Bb4 4. e3 d5 5. a3 Be7 6. cxd5 exd5 7. Bd3 O-O 8. Nge2 Re8 ({RR} 8... c5 9. dxc5 Bxc5 10. b4 Bd6 11. Bb2 Nc6 12. Nb5 Be5 13. Nbd4 Nxd4 14. Bxd4 Qe7 15. O-O Bg4 16. h3 Bxd4 17. exd4 Bxe2 18. Qxe2 Qxe2 19. Bxe2 Rfc8 20. Rfc1 Kf8 21. Rc5 b6 22. Rcc1 a5 23. bxa5 {½-½ Firouzja,A (2777)-Carlsen,M (2835) Titled Tue 1st Aug Late 2023 (8)}) 9. Qc2 $146 ({RR} 9. O-O Bd6 10. f3 c5 11. Nb5 Bf8 12. dxc5 Bxc5 13. Ned4 a6 14. Qc2 Bb6 15. Nc3 Nc6 16. Nxc6 bxc6 17. Re1 Qd6 18. b4 c5 19. Na4 Bc7 20. g3 c4 21. Bf1 Bd7 22. Nc5 Bb6 23. Bb2 Bxc5 {0-1 Feliciano Ebert,V (2231)-Mekhitarian,K (2511) Maringa op 2nd 2012 (7)}) ({RR} 9. O-O Bf8 10. f3 c5 11. Kh1 Nc6 12. Bd2 cxd4 13. exd4 b6 14. Rc1 Bd7 15. Ba6 Bc8 16. Bb5 Bd7 17. Bg5 a6 18. Ba4 Ne7 19. Bxf6 Bxa4 20. Qxa4 gxf6 21. Qb3 Nf5 22. f4 Rc8 23. Qxd5 Qxd5 {½-½ Zaderman,V (2177)-Shangin,L (1994) 1000GM NY Spring Schev 2024 (3.5)}) ({RR} 9. O-O Nbd7 10. f3 c5 11. Nf4 Nb6 12. Re1 a6 13. a4 a5 14. b3 Bd6 15. Nfe2 Nbd7 16. Nb5 Bf8 17. Ng3 g6 18. Bb2 Bg7 19. Qc2 b6 20. e4 dxe4 21. fxe4 Ba6 22. Nd6 Bxd3 23. Qxd3 Re6 {0-1 Lopez Pajuelo,S (2060)-Masague Artero,G (2321) Catalan-ch U10/20 2022 (4)}) 9... c5 10. O-O c4 11. Bf5 Bxf5 12. Qxf5 Nc6 13. Bd2 b5 14. f3 Rb8 15. Nf4 g6 16. Qc2 Bf8 17. g4 h6 18. Nce2 a5 19. h4 b4 20. axb4 axb4 21. Ra6 Rc8 22. Qa4 Qd7 23. Ng3 Bd6 24. Nfe2 h5 25. gxh5 Qh3 26. Rf2 Bxg3 27. Rg2 Nxh5 28. Rxc6 Bxh4 29. Qa6 Qf5 30. Rxc8 Rxc8 31. e4 dxe4 32. fxe4 Qh3 33. Rh2 Qg4+ 34. Rg2 Qd7 35. Bxb4 Kh7 36. Qa3 Rb8 37. Bd2 Qe6 38. Qe3 Rxb2 39. Qh6+ Kg8 40. Qxh5 Qxe4 41. Bc1 Qxd4+ 42. Nxd4 Rxg2+ 43. Kxg2 gxh5 44. Kf3 Kh7 45. Nf5 Bf6 46. Nd6 c3 47. Nxf7 Kg6 48. Nd6 c2 49. Ne4 Bg7 50. Nf2 Kf5 51. Nd3 Bc3 52. Nf4 h4 53. Ng2 Ke5 54. Nxh4 Kd4 55. Nf5+ Kd3 56. Ne3 Bd2 57. Bxd2 Kxd2 58. Nxc2 1/2-1/2

[Event "45th Olympiad 2024"]
[Site "Budapest HUN"]
[Date "2024.09.22"]
[Round "11.13"]
[Board "3"]
[White "Warmerdam, Max"]
[Black "Laurusas, Tomas"]
[Result "1/2-1/2"]
[WhiteElo "2679"]
[BlackElo "2569"]
[PlyCount "107"]
[EventDate "2024.09.11"]
[WhiteTeam "Netherlands"]
[BlackTeam "Lithuania"]
[WhiteTeamCountry "NED"]
[BlackTeamCountry "LTU"]

1. c4 c6 2. Nf3 d5 3. g3 Nf6 4. Bg2 Bf5 5. Qb3 Qb6 6. d3 e6 7. Be3 Qxb3 8. axb3 a6 9. Bd4 Nbd7 10. Bc3 Bd6 11. Nh4 Bg6 ({RR} 11... Bg4 12. h3 Bh5 13. g4 Bg6 14. Nd2 Ke7 15. O-O Bf4 16. e3 Bd6 17. g5 Ne8 18. Nxg6+ hxg6 19. b4 Rc8 20. f4 f6 21. Nf3 Bb8 22. b3 Nd6 23. Rae1 Nf5 24. Rf2 Ba7 25. c5 Bb8 26. e4 {½-½ Nepomniachtchi,I (2784)-Carlsen,M (2863) Legends of Chess Prelim rapid 2020 (8.1)}) 12. Nxg6 hxg6 13. h4 ({RR} 13. Nd2 Ke7 14. b4 Bc7 15. Nb3 Rab8 16. Na5 Ne5 17. h3 dxc4 18. f4 Ned7 19. dxc4 e5 20. e3 Rhe8 21. O-O Kf8 22. Rfd1 Bb6 23. c5 Bxa5 24. bxa5 Kg8 25. b4 e4 26. Bf1 Nd5 27. Bc4 N7f6 {1-0 Wadsworth,M (2467)-Pal,R (2097) English Open 2024 (2.5)}) 13... O-O $146 ({RR} 13... Be5 14. Nd2 Ke7 15. e3 Bxc3 16. bxc3 a5 17. d4 b5 18. Ke2 a4 19. c5 axb3 20. Nxb3 Ne4 21. Bxe4 dxe4 22. Ra5 Rxa5 23. Nxa5 Rc8 24. Ra1 Rc7 25. Nb3 Kd8 26. Ra6 Nf6 27. Na5 Kd7 28. c4 {1-0 Pantsulaia,L (2587)-Can,I (2423) Cattolica Grandiscacchi op 2nd 2022 (2)}) 14. O-O Rad8 15. Rd1 Rfe8 16. b4 e5 17. Na3 Nf8 18. e4 d4 19. Bd2 Ne6 20. Bh3 Re7 21. c5 Bc7 22. Nc4 Rf8 23. Rf1 Nh5 24. Kg2 Kh7 25. Rae1 Rh8 26. Bg4 Kg8 27. Bd1 Kf8 28. Bb3 Ke8 29. Ra1 Kd7 30. Rfe1 Ree8 31. Bd1 Nf6 32. Bf3 Ke7 33. Bd1 Kd7 34. Bb3 Nh5 35. Bc1 Ra8 36. Ra3 Rae8 37. Nd2 Nf6 38. Nf3 Ref8 39. Bd2 Ke7 40. Raa1 Nd7 41. Bc4 Rh5 42. Re2 Rhh8 43. Ree1 Rh5 44. Ng1 Rhh8 45. Ne2 Rh7 46. Rh1 Rfh8 47. Raf1 Bb8 48. Ng1 Rf8 49. Re1 Bc7 50. Rh3 Rhh8 51. Ne2 Rh7 52. Ng1 Rhh8 53. Ne2 Rh7 54. Ng1 1/2-1/2

[Event "45th Olympiad 2024"]
[Site "Budapest HUN"]
[Date "2024.09.22"]
[Round "11.13"]
[Board "4"]
[White "Pidluznij, Gleb"]
[Black "Bok, Benjamin"]
[Result "1/2-1/2"]
[WhiteElo "2425"]
[BlackElo "2596"]
[PlyCount "164"]
[EventDate "2024.09.11"]
[WhiteTeam "Lithuania"]
[BlackTeam "Netherlands"]
[WhiteTeamCountry "LTU"]
[BlackTeamCountry "NED"]

1. e4 c5 2. Nf3 d6 3. Bb5+ Nd7 4. d4 cxd4 5. Qxd4 a6 6. Bxd7+ Bxd7 7. Nc3 Rc8 8. e5 Bc6 9. exd6 Bxf3 10. gxf3 Qxd6 11. Qxd6 exd6 12. Bf4 Nf6 13. O-O-O Kd7 14. Rd4 $146 ({RR} 14. Rd3 Be7 15. Rhd1 Rc6 16. Ne2 Rhc8 17. Nd4 Rc5 18. Kb1 Rh5 19. Ne2 Rc6 20. Nc3 b5 21. Bg3 Rhc5 22. R1d2 Rc4 23. Ne2 g6 24. Nd4 Rb6 25. Nb3 Nh5 26. Rd5 Nf4 27. R5d4 Ne6 28. Rd5 Nf4 {½-½ Popovich,A (1994)-Zhurov,S (2312) St Petersburg Korchnoi Memorial op 2019 (7)}) ({RR} 14. Rhg1 Rc5 15. Rd3 Rf5 16. Bg3 Kc6 17. Ne2 Rd5 18. Nd4+ Kd7 19. b3 b5 20. c3 Be7 21. Kb2 Rc8 22. Ra1 Rdc5 23. Ne2 Ne8 24. a4 b4 25. c4 Bf6+ 26. Nd4 d5 27. Rad1 dxc4 28. bxc4 Rxc4 {½-½ Predojevic,B (2601)-Martinez Alcantara,J (2620) PNWCC Online blitz JP 11th 2020 (5)}) 14... Be7 15. Rhd1 Rc6 16. Ne4 Nxe4 17. fxe4 Rhc8 18. c3 Rc4 19. Be5 Rxd4 20. Bxd4 g6 21. f4 Ke6 22. Re1 Bh4 23. Re2 f5 24. Kc2 fxe4 25. Rxe4+ Kf5 26. Kd3 b5 27. b3 h5 28. a3 Rf8 29. Ke3 Rf7 30. Kf3 Re7 31. Rxe7 Bxe7 32. a4 bxa4 33. bxa4 d5 34. h3 Bh4 35. Bg7 Bd8 36. Bd4 Ba5 37. Bg7 Bc7 38. Bh6 Bb6 39. Bg7 Bc5 40. Bd4 Be7 41. Be3 Bd8 42. Bf2 Bf6 43. Be1 Be7 44. Bf2 Bd8 45. Be3 Bf6 46. Bd4 Bh4 47. Bg7 Bd8 48. Bd4 Ba5 49. Bg7 Bc7 50. Bh6 Bb6 51. Bg7 Bc5 52. Bd4 Ba3 53. Be3 Be7 54. Bf2 Bd6 55. Be3 Bc7 56. Bd2 Bd8 57. Be3 Bh4 58. Bd2 Bf6 59. Be1 Be7 60. Bf2 Bd6 61. Be3 Bb8 62. Bd2 Bc7 63. Be3 Bd6 64. Bd2 Be7 65. Be3 Bh4 66. Bd2 Bf6 67. Be1 Bg7 68. Bd2 Bh8 69. Be1 Bf6 70. Ke3 Bg7 71. Kf3 Bf8 72. Bf2 Ba3 73. Be3 Bd6 74. Bd2 Bc7 75. Be3 Bb8 76. Bd2 Bd6 77. Be3 Be7 78. Bf2 Bd8 79. Be3 Bf6 80. Bd4 Be7 81. Be3 Bh4 82. Bd2 Bf6 1/2-1/2

[Event "45th Olympiad 2024"]
[Site "Budapest HUN"]
[Date "2024.09.22"]
[Round "11.14"]
[Board "1"]
[White "Vocaturo, Daniele"]
[Black "Christiansen, Johan-Sebastian"]
[Result "1/2-1/2"]
[WhiteElo "2600"]
[BlackElo "2661"]
[PlyCount "79"]
[EventDate "2024.09.11"]
[WhiteTeam "Italy"]
[BlackTeam "Norway"]
[WhiteTeamCountry "ITA"]
[BlackTeamCountry "NOR"]

1. e4 e5 2. Nf3 Nc6 3. Bc4 Nf6 4. d3 d5 5. exd5 Nxd5 6. O-O Bc5 7. Nc3 Nxc3 8. bxc3 O-O 9. Ng5 ({RR} 9. Be3 Bxe3 10. fxe3 e4 11. dxe4 Qe7 12. Bd5 Ne5 13. Nxe5 Qxe5 14. Qd4 Qg5 15. Rxf7 Rxf7 16. Rf1 Bh3 17. Bxf7+ Kh8 18. Rf2 Rd8 19. Bd5 c6 20. Qc5 h5 21. Rf8+ Rxf8 22. Qxf8+ Kh7 23. Bg8+ Kg6 {1-0 Yurasov,M (2166)-Kotyk,M (2125) Titled Tue 5th Mar Early 2024 (6)}) 9... h6 10. Ne4 Be7 $146 ({RR} 10... Bd6 11. Be3 Na5 12. Bb3 b6 13. f4 Bb7 14. fxe5 Bxe5 15. Bxh6 gxh6 16. Bxf7+ Rxf7 17. Rxf7 Kxf7 18. Qh5+ Ke6 19. Qxh6+ Kd5 20. c4+ Nxc4 21. dxc4+ Kxe4 22. Re1+ Kd4 23. Rd1+ Kxc4 24. Qe6+ Bd5 25. Qxe5 {1-0 Lebiedzinski,M (1800)-Topic,S (1600) Wloclawek Portofino Cup 2009 (7)}) 11. a4 Kh7 12. Ba3 Bxa3 13. Rxa3 f5 14. Nd2 Qd6 15. Ra1 b6 16. Bb5 Ne7 17. d4 exd4 18. cxd4 Qxd4 19. Re1 Ng6 20. Nf3 Qf6 21. h4 a6 22. Be8 Nxh4 23. Nxh4 Qxh4 24. Bc6 Rb8 25. Qd5 Qf6 26. Rad1 f4 27. Re5 Bf5 28. Rxf5 Qxf5 29. Qxf5+ Rxf5 30. Be4 Rbf8 31. Rd5 Kg6 32. g4 fxg3 33. f4 h5 34. Kg2 a5 35. Kxg3 R8f6 36. c4 c5 37. Re5 Rf8 38. Rd5 R8f6 39. Re5 Rf8 40. Rd5 1/2-1/2